Saber ver el cine /

El autor propone una metodología para apender a ver cine más alla de la diversión. La primera parte plantea cuestiones fundamentales en relación con el hecho cinematográfico y con el lenguaje fílmico, así como distintas maneras de entender el cine. Después se examinan las distintas épocas del cine y...

Celý popis

Uloženo v:
Podrobná bibliografie
Hlavní autor: Costa, Antonio (autor)
Další autoři: Losilla, Carlos (traducción) (traducción)
Médium: Kniha
Jazyk:španělština
Vydáno: Barcelona, España : Paidós, 1988, c1988
Edice:(Instrumentos Paidós ; 5)
Témata:
Tagy: Přidat tag
Žádné tagy, Buďte první, kdo vytvoří štítek k tomuto záznamu!

MARC

LEADER 00000nam^a2200000^a^4500
001 000027857
005 20250521000000.0
009 20260310084826.997
020 |a 84-7509-489-9 
037 |a Acervo ITESO - Biblioteca 
041 |a ESP 
082 |a 302. 235011  |b COS 
100 |a Costa, Antonio  |e (autor) 
245 1 0 |a Saber ver el cine /  |c A. Costa ; tr. por C. Losilla. 
264 4 |a Barcelona, España :  |b Paidós,  |c 1988, c1988 
300 |a 319 p. 
336 |a texto  |b txt  |2 rdacontenido 
337 |a sin mediación  |b n  |2 rdamedio 
338 |a volumen  |b nc  |2 rdasoporte 
440 1 |a (Instrumentos Paidós ;  |v 5) 
500 |a Traducción de: Saper vedere il cinema 
520 |a El autor propone una metodología para apender a ver cine más alla de la diversión. La primera parte plantea cuestiones fundamentales en relación con el hecho cinematográfico y con el lenguaje fílmico, así como distintas maneras de entender el cine. Después se examinan las distintas épocas del cine y se describen las etapas fundamentales del proceso de producción de una película. 
649 |a XX 
650 |a Lenguaje Cinematográfico 
650 |a Producción Cinematográfica 
650 |a Cine -  |x Técnica 
650 |a Cine -  |x Historia y Crítica 
650 |a Cine -  |x Generalidades -  |x Tema Principal 
650 |a Recepción y Apropiación de la Comunicación -  |x Tema Principal 
650 |a Semiótica y Comunicación 
700 |a Losilla, Carlos  |e (traducción) 
910 |a Fondo General 
920 |a Impresos - Libros 
930 |a Colección General 
905 |a 101 
901 |a 0278570100  |b IT1  |c ACC  |i 027857  |u 20250521 
902 |a https://opac.biblio.iteso.mx/vufind/Record/000027857